000 00267nam a2200085Ia 4500
008 240331s9999 xx 000 0 und d
100 _aLiyanage,K
245 0 _aIlangayin Ulluratchi Mandrangalil Penkalin Arasiyal Prathinithithuvam :
_bSavaalkalum Ethirppugalum
942 _cL
999 _c5807
_d5807